Finančné plánovanie vo vybranom odvetví bakalárska práca

Enregistré dans:
Détails bibliographiques
Auteur principal: Blažej, Matej
Collectivité auteur: Národohospodárska fakulta EU. Katedra financií
Autres auteurs: Jančovičová Bognárová, Kristína, 1979-
Format: Livre
Langue:slovaque
Publié: Bratislava 2015
Tags: Ajouter un tag
Pas de tags, Soyez le premier à ajouter un tag!

MARC

LEADER 00000nbm a2200000 4500
001 0205113
005 20161212095744.2
041 0 |a slo 
044 |a SK 
245 1 0 |a Finančné plánovanie vo vybranom odvetví  |b bakalárska práca  |c Matej Blažej ; školiteľ: Kristína Jančovičová Bognárová 
264 1 |a Bratislava  |c 2015 
300 |a 52 s. 
100 1 |a Blažej, Matej 
700 1 |a Jančovičová Bognárová, Kristína, 1979- 
710 2 |a Národohospodárska fakulta EU. Katedra financií